[Event "8th Asia-ch"]
[Site "Subic Bay Free Port PHI"]
[Date "2010.04.22"]
[Round "2"]
[White "Xiu Deshun"]
[Black "Pascua, Haridas"]
[Result "1/2-1/2"]
[WhiteElo "2493"]
[BlackElo "2358"]
[EventDate "2010.04.21"]
[PlyCount "118"]

1.Nf3 Nf6 2.c4 g6 3.Nc3 Bg7 4.g3 O-O 5.Bg2 c6 6.d4 d5 7.cxd5 cxd5 8.Ne5 
Nc6 9.O-O Bf5 10.Nxc6 bxc6 11.Na4 Nd7 12.b3 e5 13.dxe5 Bxe5 14.Bh6 Nb6 15.
Bxf8 Bxa1 16.Ba3 Bg7 17.Nc5 a5 18.Qc1 a4 19.e4 dxe4 20.Nxe4 axb3 21.axb3 
Nd5 22.Bb2 Bxb2 23.Qxb2 Qa5 24.Qe5 Bxe4 25.Bxe4 Nc3 26.Qxa5 Rxa5 27.Bxc6 
Ra3 28.Re1 Rxb3 29.Re7 Rb6 30.Bf3 Re6 31.Rd7 h5 32.Kg2 Kg7 33.Rb7 Ne4 34.
Bd1 Rf6 35.Bf3 Re6 36.Rc7 Nf6 37.Bd1 Rd6 38.Bb3 Rd7 39.Rc4 Rd2 40.h3 Rd3 
41.Ba4 Rd2 42.Bc6 Rd3 43.Rb4 Rc3 44.Bf3 Rc2 45.Rb7 Rd2 46.Rb5 Rc2 47.g4 
hxg4 48.hxg4 Rc4 49.Kg3 Ne4+ 50.Kg2 Nf6 51.g5 Nh5 52.Ra5 Nf4+ 53.Kg3 Ne6 
54.Bg4 Rc5 55.Rxc5 Nxc5 56.f4 Ne4+ 57.Kf3 Nxg5+ 58.fxg5 f6 59.gxf6+ Kxf6 
1/2-1/2

[Event "8th Asia-ch"]
[Site "Subic Bay Free Port PHI"]
[Date "2010.04.22"]
[Round "2"]
[White "Dimakiling, Oliver"]
[Black "Legaspi, Rhobel"]
[Result "1-0"]
[WhiteElo "2441"]
[BlackElo "2314"]
[EventDate "2010.04.21"]
[PlyCount "76"]

1.c4 Nf6 2.Nc3 g6 3.g3 Bg7 4.Bg2 O-O 5.e4 d6 6.d4 e5 7.d5 c6 8.Nge2 cxd5 
9.cxd5 a5 10.O-O Na6 11.h3 Nc5 12.f4 exf4 13.Bxf4 Re8 14.e5 dxe5 15.Be3 b6
16.Qd2 Bb7 17.g4 e4 18.Rad1 Nfd7 19.Bh6 Qe7 20.Bxg7 Kxg7 21.Qe3 Qe5 22.Rf4
Rad8 23.Ng3 f6 24.Ngxe4 h5 25.gxh5 Qxh5 26.Qg3 Nxe4 27.Bxe4 Ne5 28.Rdf1 
Rf8 29.Kh2 Bc8 30.Bf5 Bxf5 31.Rxf5 Ng4+ 32.Qxg4 Qxg4 33.hxg4 gxf5 34.Rxf5 
Rfe8 35.a4 Re3 36.Kg2 Rd3 37.Rf2 Rd4 38.Kg3 Re8 1-0

[Event "8th Asia-ch"]
[Site "Subic Bay Free Port PHI"]
[Date "2010.04.22"]
[Round "2"]
[White "Al-Huwar, Jasem"]
[Black "Wohl, Aleksandar"]
[Result "1/2-1/2"]
[WhiteElo "2308"]
[BlackElo "2441"]
[EventDate "2010.04.21"]
[PlyCount "69"]

1.Nf3 Nf6 2.g3 b5 3.Na3 b4 4.Nc4 c5 5.Bg2 Nc6 6.O-O d5 7.Nce5 Nxe5 8.Nxe5 
e6 9.d4 Bd6 10.Nc4 Be7 11.a3 bxa3 12.Nxa3 O-O 13.Nc4 a5 14.Bd2 a4 15.dxc5 
Bxc5 16.b4 Be7 17.Na5 Bd7 18.c4 Qb6 19.c5 Qb5 20.Bc3 Rfc8 21.Qd3 Bd8 22.
Qxb5 Bxb5 23.Nb7 Bc7 24.Rfb1 Rab8 25.Na5 Bxa5 26.bxa5 Bxe2 27.c6 Ne8 28.
Rxb8 Rxb8 29.Bf1 Bxf1 30.Kxf1 Rc8 31.Rxa4 Rxc6 32.a6 Rxc3 33.a7 Rc8 34.
a8=Q Rxa8 35.Rxa8 1/2-1/2

[Event "8th Asia-ch"]
[Site "Subic Bay Free Port PHI"]
[Date "2010.04.22"]
[Round "2"]
[White "Nguyen Thanh Son"]
[Black "Olay, Edgar Reggie"]
[Result "1/2-1/2"]
[WhiteElo "2440"]
[BlackElo "2304"]
[EventDate "2010.04.21"]
[PlyCount "157"]

1.Nf3 d5 2.e3 c6 3.b3 Bf5 4.Bb2 e6 5.Be2 Nf6 6.O-O h6 7.d3 Be7 8.Nbd2 O-O 
9.Re1 c5 10.Bf1 Nc6 11.c4 dxc4 12.Nxc4 Qc7 13.a3 Rfd8 14.Qc2 Rac8 15.Rac1 
b5 16.Ncd2 Qb7 17.Qb1 a6 18.Red1 Qb6 19.Ne1 Bg6 20.Qa1 Ne8 21.Ndf3 Na5 22.
Qa2 Nc6 23.d4 cxd4 24.Nxd4 Nxd4 25.Bxd4 Rxc1 26.Rxc1 Qa5 27.a4 Nf6 28.Nf3 
Be4 29.Ne5 Bd5 30.Nc6 Bxc6 31.Rxc6 Qe1 32.Qe2 Qxe2 33.Bxe2 bxa4 34.bxa4 a5
35.f3 Bb4 36.Kf2 Nd7 37.Bb5 e5 38.Ba7 Nf6 39.Kg3 Be1+ 40.Kh3 Nh7 41.Rc1 
Bb4 42.Bb6 Ra8 43.Rd1 Ng5+ 44.Kg4 g6 45.h4 h5+ 46.Kg3 Ne6 47.Rd7 Rb8 48.
Bc7 Nxc7 49.Rxc7 Be1+ 50.Kh3 Bf2 51.e4 Rb6 52.Ra7 Be1 53.g3 Rf6 54.Kg2 Bb4
55.Bc4 Kf8 56.Bd5 Be1 57.Rc7 Bb4 58.Kf2 Bd6 59.Rb7 Be7 60.Rb8+ Kg7 61.Ke2 
Ra6 62.Kd3 Bc5 63.f4 exf4 64.gxf4 Ra7 65.Rb2 Be7 66.Rh2 Rc7 67.e5 Rc1 68.
Bc4 Ra1 69.Bb5 Rg1 70.Ke4 Rg4 71.Bd7 Rxh4 72.Rxh4 Bxh4 73.Bh3 Be1 74.Kf3 
Bd2 75.Bd7 Kf8 76.Bh3 Ke7 77.Ke4 Kd8 78.Bf1 Kc7 79.Bc4 1/2-1/2

[Event "8th Asia-ch"]
[Site "Subic Bay Free Port PHI"]
[Date "2010.04.22"]
[Round "2"]
[White "Goh Weiming"]
[Black "Datu, Alcon John"]
[Result "1-0"]
[WhiteElo "2426"]
[BlackElo "2220"]
[EventDate "2010.04.21"]
[PlyCount "81"]

1.e4 Nf6 2.e5 Nd5 3.c4 Nb6 4.d4 d6 5.exd6 exd6 6.Nc3 Be7 7.Bd3 O-O 8.Nge2 
Bg4 9.O-O Nc6 10.f3 Bh5 11.b3 Re8 12.Be3 Bg6 13.Bxg6 hxg6 14.d5 Ne5 15.Bd4
Bf8 16.Qd2 c5 17.dxc6 bxc6 18.Bf2 Qc7 19.Rfd1 a5 20.Rac1 a4 21.Ne4 axb3 
22.axb3 Nc8 23.Qb2 Rb8 24.Nd4 Qb7 25.Qc3 Nd7 26.Bg3 Nf6 27.Nxf6+ gxf6 28.
c5 Bh6 29.Re1 Na7 30.Rcd1 Rxe1+ 31.Rxe1 Rd8 32.Nf5 Bg5 33.Nxd6 Qd7 34.h4 
Bh6 35.Ne4 Qd4+ 36.Qxd4 Rxd4 37.Nxf6+ Kg7 38.Re8 Rd1+ 39.Kh2 Rd4 40.Ne4 f5
41.Nd6 1-0

[Event "8th Asia-ch"]
[Site "Subic Bay Free Port PHI"]
[Date "2010.04.22"]
[Round "2"]
[White "Wan Yunguo"]
[Black "Turqueza, Mari Joseph"]
[Result "1/2-1/2"]
[WhiteElo "2424"]
[BlackElo "2087"]
[EventDate "2010.04.21"]
[PlyCount "67"]

1.e4 c5 2.Nf3 d6 3.d4 cxd4 4.Nxd4 Nf6 5.f3 a6 6.c4 e6 7.Nc3 Be7 8.Be3 b6 
9.Qa4+ Qd7 10.Nc2 Nc6 11.b4 Qb7 12.Be2 O-O 13.O-O Ne5 14.Rfd1 Qc7 15.Qb3 
Bb7 16.a4 Rfc8 17.Na3 Rab8 18.Rac1 h6 19.h3 g5 20.f4 gxf4 21.Bxf4 Kh7 22.
Rf1 Rg8 23.Rf2 Rg7 24.Qc2 Rbg8 25.Rcf1 Nfd7 26.g4 Bh4 27.Rg2 h5 28.Kh2 Ng6
29.Bg3 Bxg3+ 30.Rxg3 d5 31.gxh5 Qe5 32.exd5 f5 33.hxg6+ Rxg6 34.Bg4 
1/2-1/2

[Event "8th Asia-ch"]
[Site "Subic Bay Free Port PHI"]
[Date "2010.04.22"]
[Round "2"]
[White "Lumancas, Lyndon"]
[Black "Senador, Emmanuel"]
[Result "0-1"]
[WhiteElo "2289"]
[BlackElo "2401"]
[EventDate "2010.04.21"]
[PlyCount "58"]

1.e4 e5 2.Nf3 Nc6 3.d4 exd4 4.Bc4 Nf6 5.e5 d5 6.Bb5 Ne4 7.Nxd4 Bd7 8.Bxc6 
bxc6 9.O-O Bc5 10.f3 Ng5 11.f4 Ne6 12.c3 f5 13.Kh1 O-O 14.Be3 Bxd4 15.cxd4
c5 16.Na3 cxd4 17.Bxd4 c5 18.Be3 d4 19.Bd2 Bc6 20.Rf2 Qh4 21.Kg1 Rab8 22.
Qc1 Bd5 23.Nc4 Kh8 24.b3 g5 25.fxg5 f4 26.Nd6 Qxg5 27.Qe1 Qg6 28.Kh1 Rg8 
29.Qf1 Rg7 0-1

[Event "8th Asia-ch"]
[Site "Subic Bay Free Port PHI"]
[Date "2010.04.22"]
[Round "2"]
[White "Paulo, Bersamina"]
[Black "Ginting, Nasib"]
[Result "1/2-1/2"]
[WhiteElo "1927"]
[BlackElo "2397"]
[EventDate "2010.04.21"]
[PlyCount "59"]

1.e4 c5 2.Nc3 d6 3.f4 g6 4.Nf3 Bg7 5.Bb5+ Bd7 6.Bc4 Nc6 7.d3 e6 8.O-O Nge7
9.Qe1 Nd4 10.Nxd4 cxd4 11.Ne2 O-O 12.Bb3 f5 13.e5 dxe5 14.fxe5 Nc6 15.Qg3 
Bxe5 16.Bf4 Bxf4 17.Nxf4 Qf6 18.Rae1 Rae8 19.Nh5 Qf7 20.Nf4 Kh8 21.Nh3 h6 
22.Qc7 Bc8 23.Qxf7 Rxf7 24.Nf4 Kh7 25.Re2 Rf6 26.Nd5 Rf7 27.Nf4 Rf6 28.Nd5
Rf7 29.Nf4 Rf6 30.Nd5 1/2-1/2

[Event "8th Asia-ch"]
[Site "Subic Bay Free Port PHI"]
[Date "2010.04.23"]
[Round "3"]
[White "Sasikiran, Krishnan"]
[Black "Megaranto, Susanto"]
[Result "0-1"]
[WhiteElo "2686"]
[BlackElo "2527"]
[EventDate "2010.04.21"]
[PlyCount "110"]

1.d4 Nf6 2.c4 e6 3.Nf3 Bb4+ 4.Nbd2 b6 5.a3 Bxd2+ 6.Bxd2 Bb7 7.Bg5 d6 8.e3 
Nbd7 9.Bd3 O-O 10.Nd2 Qc8 11.O-O c5 12.Rc1 Qc6 13.f3 d5 14.dxc5 Qxc5 15.b4
Qd6 16.Bb1 Rac8 17.Ne4 Nxe4 18.fxe4 f6 19.Bf4 Ne5 20.Ba2 Kh8 21.Qd4 Qc7 
22.exd5 exd5 23.c5 Rfd8 24.c6 Ba6 25.Rfd1 Be2 26.Rd2 Bc4 27.b5 Bxb5 28.
Bxd5 Qd6 29.a4 Bxc6 30.Bxc6 Rxc6 31.Rxc6 Qxd4 32.exd4 Nxc6 33.d5 Ne7 34.d6
Ng6 35.Bg3 Kg8 36.Rc2 Rd7 37.Rc7 Rxc7 38.dxc7 Ne7 39.Kf2 Kf7 40.Bd6 Nc8 
41.Ba3 Ke6 42.Bf8 Kf7 43.Ba3 Ke8 44.Kf3 Kd7 45.Bf8 g6 46.Bg7 Kxc7 47.Bxf6 
Kd6 48.Kf4 Kc6 49.Bc3 Nd6 50.Bb4 Nb7 51.g4 Nc5 52.Bc3 Nxa4 53.Bg7 h5 54.
gxh5 gxh5 55.Kg5 Nc5 0-1

[Event "8th Asia-ch"]
[Site "Subic Bay Free Port PHI"]
[Date "2010.04.23"]
[Round "3"]
[White "Zhou Jianchao"]
[Black "Nguyen Huynh Minh Huy"]
[Result "1/2-1/2"]
[WhiteElo "2650"]
[BlackElo "2469"]
[EventDate "2010.04.21"]
[PlyCount "55"]

1.d4 d5 2.c4 c6 3.Nf3 Nf6 4.Nc3 dxc4 5.a4 e6 6.e3 c5 7.Bxc4 Nc6 8.O-O cxd4
9.exd4 Be7 10.Qe2 O-O 11.Rd1 Nb4 12.Bg5 Bd7 13.Ne5 Bc6 14.Nxc6 bxc6 15.a5 
Nfd5 16.Bxe7 Qxe7 17.Na4 Nf6 18.Nc5 Rab8 19.a6 Rb6 20.Na4 Rbb8 21.Nc5 Rb6 
22.b3 Nd7 23.Nb7 Re8 24.Rac1 Nb8 25.Nc5 Nd7 26.Nb7 Nb8 27.Nc5 Nd7 28.Nb7 
1/2-1/2

[Event "8th Asia-ch"]
[Site "Subic Bay Free Port PHI"]
[Date "2010.04.23"]
[Round "3"]
[White "Gundavaa, Bayarsaihan"]
[Black "Nguyen Ngoc Truong Son"]
[Result "1/2-1/2"]
[WhiteElo "2471"]
[BlackElo "2642"]
[EventDate "2010.04.21"]
[PlyCount "103"]

1.d4 Nf6 2.c4 g6 3.Nc3 d5 4.Bg5 Ne4 5.Bh4 Nxc3 6.bxc3 dxc4 7.e3 Be6 8.Be2 
Bg7 9.Nf3 O-O 10.O-O Nd7 11.Ng5 Bd5 12.e4 Bc6 13.Bxc4 Nb6 14.Bd3 Ba4 15.
Qe2 c5 16.Nf3 Rc8 17.Rac1 cxd4 18.cxd4 Qd6 19.e5 Qd7 20.Rc5 Rxc5 21.dxc5 
Nd5 22.Bg3 Bh6 23.Bc4 e6 24.Qe4 Bb5 25.Rd1 Bxc4 26.Qxc4 Rc8 27.Qh4 Bg7 28.
Ng5 h5 29.Ne4 b6 30.cxb6 Nxb6 31.Re1 Rc4 32.h3 Qd3 33.Kh2 Ra4 34.Re3 Qd5 
35.Nf6+ Bxf6 36.Qxf6 Qd4 37.Rf3 Qd7 38.a3 Nd5 39.Qg5 Qe7 40.Qxe7 Nxe7 41.
Bf4 Nc6 42.g3 h4 43.g4 Re4 44.Bg5 Nxe5 45.Rb3 Kg7 46.Bxh4 a5 47.Kg2 a4 48.
Rc3 f5 49.Rc7+ Kg8 50.Rc8+ Kg7 51.Rc7+ Kg8 52.Rc8+ 1/2-1/2

[Event "8th Asia-ch"]
[Site "Subic Bay Free Port PHI"]
[Date "2010.04.23"]
[Round "3"]
[White "Li Chao"]
[Black "Bitoon, Richard"]
[Result "1-0"]
[WhiteElo "2613"]
[BlackElo "2476"]
[EventDate "2010.04.21"]
[PlyCount "89"]

1.e4 c5 2.Nc3 d6 3.Nf3 Nf6 4.d4 cxd4 5.Nxd4 a6 6.f4 Qc7 7.a4 g6 8.Be2 Bg7 
9.O-O O-O 10.Be3 Nc6 11.Kh1 Bd7 12.Nf3 Rac8 13.Qd2 Bg4 14.Qe1 Nb4 15.Rc1 
Qa5 16.h3 Be6 17.Bd2 Qb6 18.a5 Qd8 19.Qh4 Bc4 20.e5 Nh5 21.f5 dxe5 22.fxg6
hxg6 23.Bxc4 e4 24.Bxf7+ Rxf7 25.Nxe4 Qd5 26.Qg4 Rc4 27.Nfg5 Rxe4 28.Nxe4 
Rxf1+ 29.Rxf1 Qxe4 30.Qxe4 Ng3+ 31.Kh2 Nxe4 32.Bxb4 Bxb2 33.g3 Be5 34.Bxe7
Nxg3 35.Rf8+ Kg7 36.Kg2 Nf5 37.Bc5 Bc7 38.Ra8 Bxa5 39.Ra7 Kf6 40.Rxb7 Bd8 
41.Rd7 Ba5 42.Ra7 Ke5 43.Rxa6 Bd2 44.Kf3 g5 45.Bf2 1-0

[Event "8th Asia-ch"]
[Site "Subic Bay Free Port PHI"]
[Date "2010.04.23"]
[Round "3"]
[White "Bakre, Tejas"]
[Black "Gopal, Geetha Narayanan"]
[Result "1/2-1/2"]
[WhiteElo "2465"]
[BlackElo "2604"]
[EventDate "2010.04.21"]
[PlyCount "103"]

1.d4 Nf6 2.c4 g6 3.Nc3 d5 4.Bg5 Ne4 5.Bh4 Nxc3 6.bxc3 dxc4 7.e3 Be6 8.Be2 
Bg7 9.Nf3 O-O 10.O-O Nd7 11.Ng5 Bd5 12.e4 Bc6 13.Bxc4 Nb6 14.Bd3 Ba4 15.
Qe2 c5 16.Nf3 Rc8 17.Rac1 cxd4 18.cxd4 Qd6 19.e5 Qd7 20.Rc5 Rxc5 21.dxc5 
Nd5 22.Bg3 Bh6 23.Bc4 e6 24.Qe4 Bb5 25.Re1 Bxc4 26.Qxc4 Rc8 27.Qh4 Bg7 28.
Ng5 h5 29.Ne4 b6 30.cxb6 Nxb6 31.Re2 Rc4 32.h3 Qd3 33.Rb2 Ra4 34.Rb3 Qd5 
35.Nf6+ Bxf6 36.Qxf6 Qd4 37.Rf3 Qd7 38.a3 Nd5 39.Qg5 Qe7 40.Qxe7 Nxe7 41.
Bf4 Nc6 42.g3 h4 43.g4 Re4 44.Bg5 Nxe5 45.Rb3 Kg7 46.Bxh4 a5 47.Kg2 a4 48.
Rc3 f5 49.Rc7+ Kg8 50.Rc8+ Kg7 51.Rc7+ Kg8 52.Rc8+ 1/2-1/2

[Event "8th Asia-ch"]
[Site "Subic Bay Free Port PHI"]
[Date "2010.04.23"]
[Round "3"]
[White "Golizadeh, Asghar"]
[Black "Zhou Weiqi"]
[Result "1/2-1/2"]
[WhiteElo "2454"]
[BlackElo "2584"]
[EventDate "2010.04.21"]
[PlyCount "46"]

1.e4 e6 2.d4 d5 3.Nc3 Nf6 4.e5 Nfd7 5.f4 c5 6.Nf3 Nc6 7.Be3 Be7 8.Qd2 O-O 
9.dxc5 Bxc5 10.O-O-O Qa5 11.Bxc5 Nxc5 12.h4 Rd8 13.Qe3 Na4 14.Nxa4 Qxa4 
15.Kb1 Bd7 16.h5 Rac8 17.Rd2 h6 18.Be2 Qe4 19.Qf2 Qa4 20.Qe3 Qe4 21.Qf2 
Qa4 22.Qe3 Qe4 23.Qf2 Qa4 1/2-1/2

[Event "8th Asia-ch"]
[Site "Subic Bay Free Port PHI"]
[Date "2010.04.23"]
[Round "3"]
[White "Ghaem Maghami, Ehsan"]
[Black "Gao Rui"]
[Result "1/2-1/2"]
[WhiteElo "2575"]
[BlackElo "2464"]
[EventDate "2010.04.21"]
[PlyCount "45"]

1.d4 Nf6 2.c4 c5 3.d5 e6 4.Nc3 exd5 5.cxd5 d6 6.Nf3 g6 7.Nd2 Nbd7 8.e4 Bg7
9.Be2 O-O 10.O-O Re8 11.a4 Ne5 12.Re1 a6 13.f4 Neg4 14.Bf3 Rb8 15.h3 h5 
16.Nf1 Nh6 17.a5 b5 18.axb6 Rxb6 19.Ne3 Rb4 20.Nc2 Rb6 21.Ne3 Rb4 22.Nc2 
Rb6 23.Ne3 1/2-1/2

[Event "8th Asia-ch"]
[Site "Subic Bay Free Port PHI"]
[Date "2010.04.23"]
[Round "3"]
[White "Antonio, Rogelio jr"]
[Black "Nguyen Anh Dung"]
[Result "1/2-1/2"]
[WhiteElo "2572"]
[BlackElo "2464"]
[EventDate "2010.04.21"]
[PlyCount "61"]

1.e4 e5 2.Nf3 Nc6 3.Nc3 Nf6 4.Bb5 Nd4 5.Bc4 Nxf3+ 6.Qxf3 d6 7.d3 Be7 8.Rg1
Be6 9.g4 Nd7 10.Be3 Bg5 11.O-O-O O-O 12.h4 Bxe3+ 13.fxe3 Nb6 14.Bb3 a5 15.
g5 a4 16.Bxe6 fxe6 17.Qh3 Qe7 18.Rdf1 Rxf1+ 19.Rxf1 Rf8 20.Rxf8+ Kxf8 21.
a3 Qf7 22.Kd1 Ke7 23.Ke1 Qh5 24.Qg3 Nd7 25.Ne2 Nf8 26.Ng1 Nd7 27.Ne2 Nf8 
28.Ng1 Nd7 29.Nf3 Nc5 30.Kf2 Qe8 31.Qg4 1/2-1/2

[Event "8th Asia-ch"]
[Site "Subic Bay Free Port PHI"]
[Date "2010.04.23"]
[Round "3"]
[White "Laylo, Darwin"]
[Black "Lu Shanglei"]
[Result "1/2-1/2"]
[WhiteElo "2527"]
[BlackElo "2340"]
[EventDate "2010.04.21"]
[PlyCount "67"]

1.d4 d5 2.c4 c6 3.Nf3 Nf6 4.e3 e6 5.Nbd2 Nbd7 6.Bd3 Bd6 7.O-O O-O 8.e4 
dxe4 9.Nxe4 Nxe4 10.Bxe4 c5 11.Bc2 Qc7 12.Re1 b6 13.Qd3 g6 14.Bh6 Rd8 15.
dxc5 Bxc5 16.Qc3 Bf8 17.Bxf8 Rxf8 18.Rad1 Bb7 19.Be4 Bxe4 20.Rxe4 Nc5 21.
Red4 Rfd8 22.h4 h5 23.Ng5 f6 24.b4 fxg5 25.bxc5 bxc5 26.Rxd8+ Rxd8 27.
Rxd8+ Qxd8 28.Qe5 gxh4 29.Qxe6+ Kh7 30.Qe5 Qd1+ 31.Kh2 Qd4 32.Qe7+ Kh6 33.
Qf8+ Kg5 34.Qe7+ 1/2-1/2

[Event "8th Asia-ch"]
[Site "Subic Bay Free Port PHI"]
[Date "2010.04.23"]
[Round "3"]
[White "Djao Thien Hai"]
[Black "Sharavdorj, Dashzeveg"]
[Result "1/2-1/2"]
[WhiteElo "2523"]
[BlackElo "2443"]
[EventDate "2010.04.21"]
[PlyCount "54"]

1.d4 e6 2.c4 Nf6 3.Nf3 d5 4.Nc3 Bb4 5.e3 O-O 6.Bd3 c5 7.O-O Nc6 8.a3 Bxc3 
9.bxc3 Qc7 10.cxd5 exd5 11.h3 Re8 12.Bb2 c4 13.Bc2 Ne4 14.Re1 Qa5 15.Qc1 
f5 16.Bd1 Be6 17.Nh2 Qc7 18.Nf1 b5 19.Qc2 a5 20.f3 Nf6 21.Qd2 Rab8 22.Re2 
b4 23.axb4 axb4 24.cxb4 Nxb4 25.Bc3 Nc2 26.Qxc2 Rb3 27.Qc1 Nh5 1/2-1/2

[Event "8th Asia-ch"]
[Site "Subic Bay Free Port PHI"]
[Date "2010.04.23"]
[Round "3"]
[White "Neelotpal, Das"]
[Black "Gomez, John Paul"]
[Result "1/2-1/2"]
[WhiteElo "2445"]
[BlackElo "2507"]
[EventDate "2010.04.21"]
[PlyCount "60"]

1.d4 d5 2.c4 c6 3.Nf3 Nf6 4.Nc3 dxc4 5.a4 Bf5 6.e3 e6 7.Bxc4 Bb4 8.O-O O-O
9.Qe2 Bg6 10.Ne5 Nbd7 11.Nxg6 hxg6 12.Rd1 Qa5 13.Bd2 Rad8 14.Be1 Nb6 15.
Bb3 Rd7 16.Rac1 Rfd8 17.g3 e5 18.dxe5 Qxe5 19.Rxd7 Rxd7 20.Rd1 a5 21.Rd3 
Rxd3 22.Qxd3 Nbd5 23.Nxd5 Bxe1 24.Nxf6+ Qxf6 25.Qe2 Bb4 26.Bc4 Bc5 27.Qd2 
Bb4 28.Qe2 g5 29.Kg2 g6 30.Qf3 Qe7 1/2-1/2

[Event "8th Asia-ch"]
[Site "Subic Bay Free Port PHI"]
[Date "2010.04.23"]
[Round "3"]
[White "Tu Hoang Thong"]
[Black "Garcia, Jan Emmanuel"]
[Result "1/2-1/2"]
[WhiteElo "2483"]
[BlackElo "2315"]
[EventDate "2010.04.21"]
[PlyCount "70"]

1.e4 d6 2.Nc3 g6 3.Bc4 Bg7 4.f4 c5 5.Nf3 Nc6 6.d3 e6 7.O-O Nge7 8.Qe1 Nd4 
9.Nxd4 cxd4 10.Ne2 O-O 11.Bb3 Bd7 12.a4 Rc8 13.Bd2 Kh8 14.Bb4 Be8 15.Ng3 
Nc6 16.Ba3 Na5 17.Qb4 Rc5 18.e5 Bc6 19.Ne4 Nxb3 20.cxb3 Rc2 21.Qxd6 Qxd6 
22.Bxd6 Rc8 23.Ba3 Bd5 24.b4 Bf8 25.Rf2 Rxf2 26.Kxf2 Rc2+ 27.Kf1 Kg7 28.b5
Bxa3 29.bxa3 Bxe4 30.dxe4 d3 31.a5 Rc4 32.Rd1 Rxe4 33.g3 Ra4 34.Rxd3 Rxa5 
35.Rb3 Ra4 1/2-1/2

[Event "8th Asia-ch"]
[Site "Subic Bay Free Port PHI"]
[Date "2010.04.23"]
[Round "3"]
[White "Gupta, Abhijeet"]
[Black "Goh Weiming"]
[Result "1-0"]
[WhiteElo "2560"]
[BlackElo "2426"]
[EventDate "2010.04.21"]
[PlyCount "83"]

1.d4 e6 2.c4 Nf6 3.Nf3 b6 4.g3 Ba6 5.Qc2 c5 6.d5 exd5 7.cxd5 Bb7 8.Bg2 
Nxd5 9.O-O Be7 10.Rd1 Qc8 11.a3 Nf6 12.Bg5 O-O 13.Nc3 Rd8 14.Nh4 g6 15.
Bxf6 Bxf6 16.Nd5 Bxh4 17.gxh4 Bxd5 18.Bxd5 Nc6 19.h5 Ne7 20.Qc3 Nxd5 21.
Rxd5 d6 22.h6 f6 23.Qxf6 Rd7 24.Qe6+ Rf7 25.Qxc8+ Rxc8 26.Rxd6 Rcf8 27.f3 
Re7 28.Kf2 Rf5 29.Rd8+ Kf7 30.Rh8 Ke6 31.h4 Rh5 32.Kg3 Rd5 33.e4 Rd3 34.
Kg4 Rf7 35.Rf1 Rd2 36.f4 Rg2+ 37.Kh3 Rxb2 38.Rd1 Re7 39.Rd5 c4 40.Re5+ Kd6
41.Rxe7 Kxe7 42.Rxh7+ 1-0

[Event "8th Asia-ch"]
[Site "Subic Bay Free Port PHI"]
[Date "2010.04.23"]
[Round "3"]
[White "Lou Yiping"]
[Black "Rahman, Ziaur"]
[Result "1-0"]
[WhiteElo "2429"]
[BlackElo "2558"]
[EventDate "2010.04.21"]
[PlyCount "123"]

1.d4 e6 2.e4 d5 3.Nc3 Nf6 4.Bg5 dxe4 5.Nxe4 Nbd7 6.Nf3 Be7 7.Nxf6+ Bxf6 8.
h4 Qe7 9.Qd2 h6 10.Bf4 Nb6 11.O-O-O Nd5 12.Bg3 O-O 13.c4 Nb4 14.a3 Nc6 15.
Qe3 Rd8 16.Qe4 h5 17.Bd3 g6 18.Be5 Nxe5 19.dxe5 Bg7 20.Bc2 Rf8 21.g4 f5 
22.gxf5 exf5 23.Qf4 Be6 24.Rhg1 Bf7 25.Rde1 a5 26.Nd4 Be8 27.Kb1 Ra6 28.
Rg3 Kh7 29.Rb3 Bh6 30.Qg3 c5 31.Nb5 f4 32.Qf3 a4 33.Rd3 Re6 34.Rd5 Kg8 35.
Na7 Bc6 36.Nxc6 bxc6 37.Rdd1 Bg7 38.Rg1 Rb8 39.Qxf4 Rxe5 40.Rxg6 Rxb2+ 41.
Kc1 Rxc2+ 42.Kxc2 Re2+ 43.Rd2 Re4 44.Rd8+ Kh7 45.Qf5 Re5 46.Re6+ Rxf5 47.
Rxe7 Rxf2+ 48.Kd3 Rf3+ 49.Ke4 Rc3 50.Kf5 Rf3+ 51.Kg5 Rg3+ 52.Kf5 Rf3+ 53.
Ke6 Kh6 54.Rd6 Rxa3 55.Rxc6 Rg3 56.Kf5+ Kh7 57.Ra7 a3 58.Rxc5 Kg8 59.Rc8+ 
Kh7 60.c5 Rf3+ 61.Kg5 Rg3+ 62.Kxh5 1-0

[Event "8th Asia-ch"]
[Site "Subic Bay Free Port PHI"]
[Date "2010.04.23"]
[Round "3"]
[White "Nolte, Rolando"]
[Black "Kidambi, Sundararajan"]
[Result "1/2-1/2"]
[WhiteElo "2420"]
[BlackElo "2520"]
[EventDate "2010.04.21"]
[PlyCount "51"]

1.e4 e5 2.Nf3 Nc6 3.d4 exd4 4.Nxd4 Nf6 5.Nxc6 bxc6 6.e5 Qe7 7.Qe2 Nd5 8.c4
Ba6 9.b3 g6 10.g3 Bg7 11.Bb2 O-O 12.Bg2 Rae8 13.O-O Nb6 14.f4 f6 15.Nd2 
fxe5 16.fxe5 d5 17.Rxf8+ Rxf8 18.Qe3 dxc4 19.bxc4 Bxc4 20.Re1 Qf7 21.Ne4 
Nd7 22.Ng5 Qe7 23.Bxc6 Nxe5 24.Ba3 Qf6 25.Bxf8 Qxf8 26.Bg2 1/2-1/2

[Event "8th Asia-ch"]
[Site "Subic Bay Free Port PHI"]
[Date "2010.04.23"]
[Round "3"]
[White "Habla, Jony"]
[Black "Toufighi, Homayoon"]
[Result "0-1"]
[WhiteElo "2316"]
[BlackElo "2491"]
[EventDate "2010.04.21"]
[PlyCount "98"]

1.d4 e6 2.Nf3 Nf6 3.c3 b6 4.Bf4 Bb7 5.e3 Be7 6.Nbd2 O-O 7.g4 c5 8.Rg1 d6 
9.Qc2 cxd4 10.exd4 Nc6 11.Bd3 Rc8 12.a3 e5 13.Be3 g6 14.h4 Nd5 15.g5 Re8 
16.h5 Bf8 17.hxg6 fxg6 18.Bc4 Ne7 19.dxe5 Kh8 20.Bb5 Nf5 21.Bxe8 Qxe8 22.
Qd3 dxe5 23.Qe2 Bg7 24.Rg4 Qd7 25.Nh2 e4 26.Nxe4 Ndxe3 27.fxe3 Re8 28.Rd1 
Qc7 29.Rd4 Bxd4 30.exd4 Qc6 31.Kf2 Rxe4 32.Rxe4 Qxe4 33.Qxe4 Bxe4 34.Ng4 
Kg7 35.Nf6 Bb7 36.d5 h6 37.Ne8+ Kf8 38.gxh6 Nxh6 39.Nc7 Ke7 40.c4 Nf5 41.
Kf3 Nd6 42.b3 Bc8 43.Kf4 Kd8 44.Na8 Bb7 45.Ke5 Nxc4+ 46.bxc4 Bxa8 47.Kf6 
Bb7 48.Kxg6 Ba8 49.Kf5 Kd7 0-1

[Event "8th Asia-ch"]
[Site "Subic Bay Free Port PHI"]
[Date "2010.04.23"]
[Round "3"]
[White "Segarra, Randy"]
[Black "Salem, A. R. Saleh"]
[Result "1/2-1/2"]
[WhiteElo "2298"]
[BlackElo "2483"]
[EventDate "2010.04.21"]
[PlyCount "118"]

1.e4 e5 2.Nf3 Nc6 3.Bb5 a6 4.Ba4 Nf6 5.O-O Be7 6.Re1 b5 7.Bb3 d6 8.c3 O-O 
9.h3 Nb8 10.d4 Nbd7 11.Nbd2 Bb7 12.Bc2 Re8 13.b3 Bf8 14.d5 c6 15.c4 Qc7 
16.Bb2 Rab8 17.dxc6 Bxc6 18.cxb5 axb5 19.b4 d5 20.a3 Rbd8 21.Qe2 Qb7 22.
Rac1 g6 23.Nb3 dxe4 24.Ng5 Qb6 25.Nxe4 Nd5 26.g3 Bh6 27.Rcd1 Ba8 28.Nbc5 
Nxc5 29.bxc5 Qc6 30.Bb3 Ne3 31.Rxd8 Rxd8 32.Qf3 Nc4 33.Bxc4 bxc4 34.Nf6+ 
Kh8 35.Qxc6 Bxc6 36.Bxe5 Bg7 37.g4 g5 38.Kh2 Rd2 39.Kg3 c3 40.Rb1 Rd8 41.
Bxc3 Rd3+ 42.Kh2 Rxc3 43.Rb8+ Bf8 44.Rxf8+ Kg7 45.Rc8 Rxc5 46.Nh5+ Kg6 47.
Rg8+ Kh6 48.Rd8 Be4 49.Rd6+ Bg6 50.Ra6 f5 51.Ng3 fxg4 52.hxg4 Kg7 53.a4 
Rc4 54.f3 Rc2+ 55.Kg1 Ra2 56.a5 Kf7 57.Ra8 Ke6 58.a6 Ke5 59.a7 Bf7 1/2-1/2

[Event "8th Asia-ch"]
[Site "Subic Bay Free Port PHI"]
[Date "2010.04.23"]
[Round "3"]
[White "Kuderinov, Kirill"]
[Black "Florendo, Paulo James"]
[Result "1/2-1/2"]
[WhiteElo "2442"]
[BlackElo "2262"]
[EventDate "2010.04.21"]
[PlyCount "100"]

1.e4 c5 2.Nf3 e6 3.d4 cxd4 4.Nxd4 a6 5.Bd3 Qc7 6.c4 b6 7.Nc3 Bb7 8.Be3 d6 
9.Rc1 Nd7 10.O-O Ngf6 11.f3 Be7 12.Qe1 Ne5 13.Be2 h5 14.h4 Qd8 15.Bg5 Rc8 
16.Nd1 Nfd7 17.Qd2 Nc6 18.Nc2 O-O 19.Nf2 Nce5 20.Nd4 Ng6 21.g3 Nf6 22.Qe3 
Ne5 23.Rfd1 Qc7 24.b3 g6 25.f4 Ned7 26.b4 e5 27.Nf3 exf4 28.gxf4 Rfe8 29.
Qd4 Nxe4 30.Nxe4 Bxe4 31.Bxe7 Rxe7 32.Ng5 Bf5 33.Bf3 Nf8 34.Bd5 Ne6 35.
Bxe6 Bxe6 36.Ne4 Kh7 37.Rd2 d5 38.Nf6+ Kh6 39.c5 a5 40.f5 Bxf5 41.Nxd5 
Qg3+ 42.Rg2 Re1+ 43.Rxe1 Qxe1+ 44.Kh2 bxc5 45.Qf4+ Kg7 46.Ne3 Be6 47.bxc5 
Qb4 48.Qxb4 axb4 49.Rb2 Rxc5 50.Rxb4 Bxa2 1/2-1/2

[Event "8th Asia-ch"]
[Site "Subic Bay Free Port PHI"]
[Date "2010.04.23"]
[Round "3"]
[White "Pascua, Haridas"]
[Black "Le Quang Liem"]
[Result "0-1"]
[WhiteElo "2358"]
[BlackElo "2689"]
[EventDate "2010.04.21"]
[PlyCount "56"]

1.d4 Nf6 2.c4 g6 3.Nc3 d5 4.Nf3 Bg7 5.Bf4 O-O 6.e3 c5 7.cxd5 cxd4 8.exd4 
Nxd5 9.Be5 Nc6 10.Bxg7 Kxg7 11.Bb5 Nxc3 12.bxc3 Qa5 13.Qb3 Be6 14.d5 Bxd5 
15.Qxd5 Qxc3+ 16.Ke2 Rad8 17.Qg5 Qb2+ 18.Ke3 Nd4 19.Qe5+ f6 20.Qxe7+ Kh8 
21.Nxd4 Qxd4+ 22.Kf3 Qd5+ 23.Kg3 Qg5+ 24.Kh3 Qxb5 25.Rab1 Qf5+ 26.Kg3 Rfe8
27.Qf7 Re4 28.f3 Qg5+ 0-1

[Event "8th Asia-ch"]
[Site "Subic Bay Free Port PHI"]
[Date "2010.04.23"]
[Round "3"]
[White "Wen Yang"]
[Black "Al-Huwar, Jasem"]
[Result "1-0"]
[WhiteElo "2520"]
[BlackElo "2308"]
[EventDate "2010.04.21"]
[PlyCount "121"]

1.e4 e6 2.d4 d5 3.Nc3 dxe4 4.Nxe4 Nd7 5.Nf3 Ngf6 6.Bg5 h6 7.Nxf6+ Nxf6 8.
Bh4 c5 9.Bd3 cxd4 10.O-O Bc5 11.Qe2 O-O 12.Rad1 Qd5 13.Ne5 Nd7 14.f4 f5 
15.Ng6 Rf7 16.b4 Nf8 17.Ne5 Bxb4 18.Nxf7 Kxf7 19.Bc4 Qe4 20.Bf2 Qxe2 21.
Bxe2 Bd7 22.Rxd4 Bc5 23.Rc4 Bxf2+ 24.Kxf2 Rc8 25.Rxc8 Bxc8 26.Rd1 Ke7 27.
Ke3 Nd7 28.Kd4 b6 29.Rd3 Ba6 30.Re3 Bb7 31.Bf3 Bc8 32.Ra3 a5 33.Bc6 Nc5 
34.Ke5 Bd7 35.Bxd7 Nxd7+ 36.Kd4 g5 37.g3 g4 38.Kc4 h5 39.Kb5 e5 40.Kc6 
exf4 41.gxf4 Nf6 42.Re3+ Kf7 43.h4 Ne4 44.Kxb6 Nd2 45.Re2 Nf3 46.c4 Nxh4 
47.c5 Ng6 48.c6 Nxf4 49.Kc5 Nxe2 50.c7 h4 51.c8=Q Ng3 52.Kd5 Kg6 53.Ke5 h3
54.Qg8+ Kh5 55.Kf4 Ne2+ 56.Kxf5 Ng3+ 57.Kf4 Ne2+ 58.Ke5 Ng3 59.Qd5 Kh4 60.
Kf4 h2 61.Qd8+ 1-0